000 00443nam a2200169Ia 4500
008 090711s9999 xx 000 0 und d
082 _b48790
100 _aमंत्री रमेश
245 _aमहानगर
260 _c1984
300 _a261
600 _aमंत्री रमेश
630 _aमहानगर
700 _aमंत्री रमेश
730 _aमहानगर
942 _cBOOK
999 _c300258
_d300258